Industrial districts : evolution and competitiveness in Italian firms (Record no. 214365)

MARC details
000 -LEADER
fixed length control field 00801nam a2200241Ia 4500
008 - FIXED-LENGTH DATA ELEMENTS--GENERAL INFORMATION
fixed length control field 191130s2002##################000#0#eng##
020 ## - INTERNATIONAL STANDARD BOOK NUMBER
ISBN 9781840646849
082 ## - DEWEY DECIMAL CLASSIFICATION NUMBER
Classification number 338.60945 PAN
100 ## - MAIN ENTRY--AUTHOR NAME
Personal name Paniccia, Ivana
245 ## - TITLE STATEMENT
Title Industrial districts : evolution and competitiveness in Italian firms
Statement of responsibility, etc Ivana Paniccia
260 ## - PUBLICATION, DISTRIBUTION, ETC. (IMPRINT)
Place of publication Cheltenham, UK ; Northampton, MA
Name of publisher Edward Elgar Pub
Year of publication 2002
300 ## - PHYSICAL DESCRIPTION
Number of Pages xiv, 236 p. ; 24 cm
500 ## - GENERAL NOTE
General note Includes bibliographical references (p. 210-227) and index
650 ## - SUBJECT ADDED ENTRY--TOPICAL TERM
Topical Term Competition, International
Topical Term Economics
Topical Term Industrial districts
Topical Term Industrial districts - Italy - Case studies
991 ## -
-- 218969
Holdings
Withdrawn status Lost status Damaged status Not for loan Home library Current library Shelving location Date acquired Full call number Accession Number Price effective from Koha item type
        Anna Centenary Library Anna Centenary Library 4TH FLOOR, A WING 13.10.2020 338.60945 PAN 359550 13.10.2020 English Books

Find us on the map